| 000 | 00782nam a2200253 4500 | ||
|---|---|---|---|
| 003 | OSt | ||
| 005 | 20260601171013.0 | ||
| 008 | 260422b1997\\\\mx\a||||\||||\00|\0\spa\d | ||
| 020 | _a9701820657 | ||
| 040 |
_aICI _bspa _cICI _erda |
||
| 041 | _aSPA | ||
| 050 |
_aF1219 _bU53 |
||
| 245 | 0 |
_a Umbrales y veredas/ _ccoord. Rubén Manzanilla Lopez |
|
| 264 |
_aMéxico _bINAH, Dirección de Salvamento Arqueológico _c1997 |
||
| 300 | _a371 páginas | ||
| 336 |
_2rdacontent _atexto |
||
| 337 |
_2rdamedia _asin medio |
||
| 338 |
_2rdacarrier _avolumen |
||
| 650 |
_aIndios de México _xAntigüedades |
||
| 650 |
_aExcavaciones (Arqueología) _z México _913998 |
||
| 651 |
_aMéxico _x Antigüedades _92765 |
||
| 700 |
_a Manzanilla Lopez, Ruben _e editor _933390 |
||
| 942 |
_2lcc _n1 _cB |
||
| 999 |
_c20571 _d20571 |
||